The Odyssey Homer (Record no. 22424)

MARC details
000 -LEADER
fixed length control field 00550nam a22002057a 4500
003 - CONTROL NUMBER IDENTIFIER
control field OSt
005 - DATE AND TIME OF LATEST TRANSACTION
control field 20260519094246.0
008 - FIXED-LENGTH DATA ELEMENTS--GENERAL INFORMATION
fixed length control field 260519b |||||||| |||| 00| 0 eng d
020 ## - INTERNATIONAL STANDARD BOOK NUMBER
International Standard Book Number 0-393-96405-1
040 ## - CATALOGING SOURCE
Transcribing agency Chuka University Library
050 ## - LIBRARY OF CONGRESS CALL NUMBER
Classification number PA 4025
Item number .C6 1993
100 ## - MAIN ENTRY--PERSONAL NAME
Personal name Cook Albert
9 (RLIN) 25373
245 ## - TITLE STATEMENT
Title The Odyssey Homer
250 ## - EDITION STATEMENT
Edition statement Second
260 ## - PUBLICATION, DISTRIBUTION, ETC.
Place of publication, distribution, etc. New York
Name of publisher, distributor, etc. W.W NORTON &COMPANY
Date of publication, distribution, etc. 1993
300 ## - PHYSICAL DESCRIPTION
Extent 415P
650 ## - SUBJECT ADDED ENTRY--TOPICAL TERM
Topical term or geographic name entry element Odysseus(Greek mythology) poetry
9 (RLIN) 25374
650 ## - SUBJECT ADDED ENTRY--TOPICAL TERM
Topical term or geographic name entry element Epic poetry
9 (RLIN) 20443
942 ## - ADDED ENTRY ELEMENTS (KOHA)
Source of classification or shelving scheme Library of Congress Classification
Koha item type Long Loan Books
Edition second
Suppress in OPAC No
Holdings
Withdrawn status Lost status Source of classification or shelving scheme Damaged status Not for loan Collection Home library Current library Shelving location Date acquired Total Checkouts Full call number Barcode Date last seen Copy number Cost, replacement price Price effective from Koha item type
    Library of Congress Classification     General Collection Books Main Campus Library Main Campus Library General Stacks 19/05/2026   PA 4025 .C6 1993 31896/2026 19/05/2026 1 1038.00 18/05/2026 Long Loan Books

Powered by Koha